Fisiología y psicología
Gardado en:
| Autor Principal: | |
|---|---|
| Formato: | Libro |
| Idioma: | Lingua castelá |
| Publicado: |
Madrid
Alianza
1986
|
| Series: | El Libro de Bolsillo Alianza. Sección Ciencia y Técnica, 151
|
| Subjects: | |
| Tags: |
Engadir etiqueta
Sen Etiquetas, Sexa o primeiro en etiquetar este rexistro!
|
MARC
| LEADER | 00000nam a2200000 a 4500 | ||
|---|---|---|---|
| 001 | UCW6131 | ||
| 003 | CL-VaPUC | ||
| 008 | 911016e19860000SP |||||||||||||||||spa|d | ||
| 082 | 0 | 4 | |a 150.1944 |b PAV |2 21 |
| 100 | |a Pávlov, Iván Petrovic |e autor |9 336971 | ||
| 245 | 1 | 0 | |a Fisiología y psicología |
| 300 | |a 191 p | ||
| 942 | |c BK | ||
| 945 | |d 19911016 00:00:00 | ||
| 260 | |a Madrid |b Alianza |c 1986 | ||
| 650 | 7 | |a PSICOFISIOLOGIA |2 CL-VaPUC |9 307700 | |
| 650 | 7 | |a REFLEJOS CONDICIONADOS |2 CL-VaPUC |9 308436 | |
| 583 | |a last modification |c 19911016 00:00:00 |k Rodrigo Vera | ||
| 490 | 0 | |a El Libro de Bolsillo Alianza. Sección Ciencia y Técnica, 151 | |
| 999 | |c 219293 |d 219291 | ||
| 952 | |0 0 |1 0 |4 0 |6 150_194400000000000_PAV_1986 |7 0 |8 A |9 210032 |a BIBEDU |b BIBEDU |d 2019-11-15 |i 2781301 |o 150.1944 PAV 1986 |p 2781301 |r 2019-11-15 |w 2019-11-15 |y BK |k EDU | ||